Faculty of Law Library — Cairo University

Official Online Catalog

Le Mur De Berlin (Un Défi Aux Droits De L'homme) / (Record no. 69290)

MARC details
000 -LEADER
fixed length control field 00945nam a2200277 4500
003 - CONTROL NUMBER IDENTIFIER
control field EG-GICUC
005 - DATE AND TIME OF LATEST TRANSACTION
control field 20260511131536.0
008 - FIXED-LENGTH DATA ELEMENTS--GENERAL INFORMATION
fixed length control field 260406s1962 -gea|||f |||| 00| 0 Fre d
040 ## - CATALOGING SOURCE
Original cataloging agency EG-GICUC
Language of cataloging fre
Transcribing agency EG-GICUC
Modifying agency EG-GICUC
Description conventions rda
082 04 - DEWEY DECIMAL CLASSIFICATION NUMBER
Classification number 341.48
Item number C O . M
Edition number 21
092 04 - LOCALLY ASSIGNED DEWEY CALL NUMBER (OCLC)
Edition number 21
099 ## - LOCAL FREE-TEXT CALL NUMBER (OCLC)
Classification number Law 11 341.48 C O . M 1962
110 ## - MAIN ENTRY--CORPORATE NAME
Corporate name or jurisdiction name as entry element Commission Internationale De Juristes
Relator term Auteur
245 ## - TITLE STATEMENT
Title Le Mur De Berlin (Un Défi Aux Droits De L'homme) /
Statement of responsibility, etc. Par Commission Internationale De Juristes.
264 ## - PRODUCTION, PUBLICATION, DISTRIBUTION, MANUFACTURE, AND COPYRIGHT NOTICE
Place of production, publication, distribution, manufacture Genéve:
Name of producer, publisher, distributor, manufacturer Commission Internationale De Juristes,
Date of production, publication, distribution, manufacture, or copyright notice 1962.
300 ## - PHYSICAL DESCRIPTION
Extent 57 Pages :
Other physical details illustration ;
Dimensions 20 Cm.
336 ## - CONTENT TYPE
Source rda content
Content type term text
337 ## - MEDIA TYPE
Source rda media
Media type term Computer
338 ## - CARRIER TYPE
Source rda carrier
Carrier type term Online Resource
546 ## - LANGUAGE NOTE
Language note Texte en français
650 14 - SUBJECT ADDED ENTRY--TOPICAL TERM
Topical term or geographic name entry element droit international public
651 1# - SUBJECT ADDED ENTRY--GEOGRAPHIC NAME
Source of heading or term qrmak
856 40 - ELECTRONIC LOCATION AND ACCESS
Uniform Resource Identifier <a href="https://fll.law.cu.edu.eg/fulltext/bks/B11-08904.pdf">https://fll.law.cu.edu.eg/fulltext/bks/B11-08904.pdf</a>
905 ## - Cataloger and Reviser Names
Cataloger Name: Hoda
942 ## - ADDED ENTRY ELEMENTS (KOHA)
Source of classification or shelving scheme Dewey Decimal Classification
Koha item type Books
Edition 21
Suppress in OPAC No
Holdings
Withdrawn status Lost status Source of classification or shelving scheme Damaged status Not for loan Collection Home library Current library Date acquired Total checkouts Full call number Barcode Date last seen Copy number Price effective from Koha item type
    Dewey Decimal Classification   Not for loan القانون الدولي العام جــــامعة القــاهرة مكتبة كلية الحقوق - المبنى الرئيسي 06.04.2026   Law1 11 341.48 C O . M 1962 1108904 C1 B11-08904 06.04.2026 1 06.04.2026 Books

© All rights reserved — Faculty of Law, Cairo University